1034 1687 1549 1433 1000 1794 1523 1334 1968 1225 1501 1708 1296 1595 1759 1179 1104 1762 1674 1009 1997 1406 1557 1927 1163 1207 1743 1516 1789 1723 1307 1340 1769 1064 1297 1117 1878 1814 1263 1960 1891 1091 1081 1673 1718 1416 1298 1436 1859 1510 1576 1449 1151 1889 1002 1842 1014 1527 1541 1966 1595 1283 1138 1961 1220 1152 1099 1249 1865 1665 1986 1760 1440 1096 1486 1239 1443 1975 1241 1578 1406 1257 1332 1756 1644 1063 1927 1631 1109 1347 1789 1677 1108 1814 1587 1811 1122 1499 1575 BCNSPRNW ULIB Ver.6.0+V

เปลี่ยนเป็นภาษาไทย

Change to English
 แสดงรายละเอียดบรรณานุกรม
  กลับหน้าหลัก

Brief Record : Get Marc (ISO 2709) : E-mail record : QR code < ปิดหน้าต่าง
LEADER : 00000nam 2200000uu 4500
001    13399122045
003     ULIB
008    121221s||||||||th 000 0 tha d
020    ^a9749507592
060 04 ^aWJ300^bส761ต 2546
100    ^aสุชาย ศรีทิพยวรรณ,^eบรรณาธิการ
245 00 ^aNephrology review 2004 /^cบรรณาธิการ, สุชาย ศรีทิพยวรรณ,วุฒิเดช โอภาศเจริญสุข,ธนันดา ตระการวนิช
250    ^aพิมพ์ครั้งที่ 1
260    ^aกรุงเทพฯ :^bพิมพ์ดี,^c2546
300    ^a244 หน้า :^bภาพประกอบ ;^c26 ซม.
650  7 ^aโรคไต
650  7 ^aไตวิทยา
653    ^aผลงานอาจารย์คณะแพทยศาสตร์ศิริราชพยาบาล
700 0  ^aวุฒิเดช โอภาศเจริญสุข,^eบรรณาธิการ
700 0  ^aธนันดา ตระการวนิช,^eบรรณาธิการ
945    ^p450^l0^i12986
945    ^p450^l0^i12987
945    ^p450^l0^i12988
945    ^p450^l0^i12989
945    ^p450^l0^i12990
995    ^aทศพร
999    ^aทศพร เกษรทอง
รายการนี้ยังไม่มีแท็ก
คุณยังไม่ได้ล็อกอิน คุณสามารถมีกิจกรรมร่วมกับเว็บไซต์ได้ แต่ต้องล็อกอินก่อน ::
  ล็อกอิน

รายการสื่อสารสนเทศ

ลำดับที่ ประเภท เลขเรียก/บาร์โค้ด สถานที่ สถานะ
1. วิทยาศาสตร์การแพทย์ และสุขภาพ
วิทยาศาสตร์การแพทย์ และสุขภาพ
WJ300 ส761ต 2546 ฉ.1 
  Barcode: 12986
ห้องสมุดวิทยาเขตสวรรค์ประชารักษ์
►หนังสือทั่วไป
บนชั้น
2. วิทยาศาสตร์การแพทย์ และสุขภาพ
วิทยาศาสตร์การแพทย์ และสุขภาพ
WJ300 ส761ต 2546 ฉ.2 
  Barcode: 12987
ห้องสมุดวิทยาเขตสวรรค์ประชารักษ์
►หนังสือทั่วไป
บนชั้น
3. วิทยาศาสตร์การแพทย์ และสุขภาพ
วิทยาศาสตร์การแพทย์ และสุขภาพ
WJ300 ส761ต 2546 ฉ.3 
  Barcode: 12988
ห้องสมุดวิทยาเขตสวรรค์ประชารักษ์
►หนังสือทั่วไป
บนชั้น
4. วิทยาศาสตร์การแพทย์ และสุขภาพ
วิทยาศาสตร์การแพทย์ และสุขภาพ
WJ300 ส761ต 2546 ฉ.4 
  Barcode: 12989
ห้องสมุดวิทยาเขตสวรรค์ประชารักษ์
►หนังสือทั่วไป
บนชั้น
5. วิทยาศาสตร์การแพทย์ และสุขภาพ
วิทยาศาสตร์การแพทย์ และสุขภาพ
WJ300 ส761ต 2546 ฉ.5 
  Barcode: 12990
ห้องสมุดวิทยาเขตสวรรค์ประชารักษ์
►หนังสือทั่วไป
บนชั้น

รายการใกล้เคียง
    หัวเรื่อง [โรคไต]
    หัวเรื่อง [ไตวิทยา]

BibComment


ยังไม่เคยถูกคอมเมนท์

คอมเมนท์ทรัพยากรรายการนี้
  คอมเมนท์: Nephrology revie..


 Copyright 2026. Bcnsprnw @Library